Διερεύνηση των προβλημάτων που αντιμετωπίζουν οι εκπαιδευτικοί δευτεροβάθμιας εκπαίδευσης κατά την υλοποίηση προγραμμάτων περιβαλλοντικής εκπαίδευσης σε σχολεία της νήσου Ρόδου : διπλωματική εργασία [μεταπτυχιακή εργασία]
Αποθηκεύτηκε σε:
| Κύριος συγγραφέας: | |
|---|---|
| Συγγραφή απο Οργανισμό/Αρχή: | |
| Άλλοι συγγραφείς: | |
| Μορφή: | Thesis Βιβλίο |
| Γλώσσα: | Greek |
| Δημοσίευση: |
2013
|
| Θέματα: | |
| Διαθέσιμο Online: | http://hdl.handle.net/11610/15792 |
| Ετικέτες: |
Προσθήκη ετικέτας
Δεν υπάρχουν, Καταχωρήστε ετικέτα πρώτοι!
|
MARC
| LEADER | 00000cam a2200000 i 4500 | ||
|---|---|---|---|
| 001 | 1/41766 | ||
| 008 | 140210s2013 gre d | ||
| 035 | |l 10116627 | ||
| 040 | |a GR-MY-UA |b gre |e aacr | ||
| 041 | 0 | |a gre | |
| 082 | 0 | |a 372.357 |2 (22) | |
| 100 | 1 | |a Νικολαΐδου, Γεωργία Σ. | |
| 245 | 1 | 0 | |a Διερεύνηση των προβλημάτων που αντιμετωπίζουν οι εκπαιδευτικοί δευτεροβάθμιας εκπαίδευσης κατά την υλοποίηση προγραμμάτων περιβαλλοντικής εκπαίδευσης σε σχολεία της νήσου Ρόδου : |b διπλωματική εργασία [μεταπτυχιακή εργασία] / |c Γεωργία Σ. Νικολαϊδου ; επιβλέπων: Αθανάσιος Μόγιας |
| 260 | |c 2013 | ||
| 300 | |a 119 σ.; |b πίν.; |c 30 εκ. | ||
| 500 | |a Μέλη εξεταστικής επιτροπής: Μαρία Καϊλα, Παναγιώτης Σταμάτης | ||
| 502 | |a Διατριβή (μεταπτυχιακή) – Πανεπιστήμιο Αιγαίου, Ρόδος, 2013. | ||
| 504 | |a Βιβλιογραφία: σ. 107-113 | ||
| 650 | 0 | |a Environmental education |z Greece |z Rhodes (Island) | |
| 650 | 0 | 0 | |a Education, Secondary. |
| 650 | 0 | 0 | |a Environmental education |x Study and teaching. |
| 650 | 0 | 0 | |a Dissertations, Academic |z Greece. |
| 700 | 1 | |4 ths |a Μόγιας, Αθανάσιος. | |
| 710 | 2 | |a Πανεπιστήμιο Αιγαίου |b Σχολή Ανθρωπιστικών Επιστημών |b Τμήμα Επιστημών της Προσχολικής Αγωγής και του Εκπαιδευτικού Σχεδιασμού |b Πρόγραμμα Μεταπτυχιακών Σπουδών Περιβαλλοντική Εκπαίδευση. | |
| 852 | |a INST |b RHODES |c DIATR |e 20140210 |h 372.357 ΝΙΚ |p 005400036134 |q 005400036134 |t MTXE |y 23 | ||
| 852 | |a INST |b RHODES |c DIATR |e 20140210 |h 372.357 ΝΙΚ |p 005400036135 |q 005400036135 |t MTXE |y 23 | ||
| 856 | |u http://hdl.handle.net/11610/15792 | ||
| 901 | |a BIBL4-2014-1 | ||
| 909 | |a Ρ |b 182640 | ||
| 909 | |a Ρ |b 182641 | ||
| 924 | |a ΝΙΚΟΛΑΪΔΟΥ |b ΓΕΩΡΓΙΑ Σ. |y ΡΟΔΟΣ |z 2013-11 | ||
| 970 | |z 2014/02/10 | ||